00297nam a2200121Ia 4500008004100000100002400041245002500065260003400090300000900124650001800133942000700151999001700158190216s9999||||xx |||||||||||||| ||und|| aHazlitt&Amp;Bagehot 0aCowper Poetry &prose bOxford University Pressc1960 a185p aEnglish Essay cBK c11973d11973